Галактическая баллада: роман
| Main Author: | |
|---|---|
| Summary: | Исключено из фонда НТБ ТПУ |
| Language: | Russian |
| Published: |
София, Свят, 1989
|
| Format: | Book |
| KOHA link: | https://koha.lib.tpu.ru/cgi-bin/koha/opac-detail.pl?biblionumber=89051 |
MARC
| LEADER | 00000nam0a2200000 4500 | ||
|---|---|---|---|
| 001 | 89051 | ||
| 005 | 20231031102909.0 | ||
| 035 | |a (RuTPU)RU\TPU\book\95545 | ||
| 090 | |a 89051 | ||
| 100 | |a 20060113d1986 m y0rusy50 ca | ||
| 101 | 1 | |a rus |c bul | |
| 102 | |a BG | ||
| 105 | |a a z 001ay | ||
| 200 | 1 | |a Галактическая баллада |e роман |f Э. Манов | |
| 210 | |a София |c Свят |d 1989 | ||
| 215 | |a 157 с. |c ил. | ||
| 333 | |a Исключено из фонда НТБ ТПУ | ||
| 700 | 1 | |a Манов |b Э. |g Эмил | |
| 801 | 1 | |a RU |b 63413507 |c 20060113 |g PSBO | |
| 801 | 2 | |a RU |b 63413507 |c 20220602 |g RCR | |
| 942 | |c BK | ||